| 000 | 00933nam a2200253Ia 4500 | ||
|---|---|---|---|
| 001 | 846 | ||
| 003 | GE_BSU | ||
| 008 | 181216s||||||||xx |||||||||||||| ||und|| | ||
| 020 | _a520001764 | ||
| 040 | _cGE_BSU | ||
| 080 | _a81:008 | ||
| 100 | _aВерещагин,Е.М.;Костомаров,В.Г. | ||
| 245 | _aЯзык и культура. Лингво-страноведение в преподавании русского языка как иностранного | ||
| 245 | _bМетодическое руководство | ||
| 250 | _a4-е изд-е,доп. | ||
| 260 | _aМосква | ||
| 260 | _bРусский язык | ||
| 260 | _c1990 | ||
| 300 | _a247стр. | ||
| 541 | _h8л. | ||
| 653 | _aРусский язык | ||
| 653 | _aЯзык и культура. Лингво-страноведение в преподавании русского языка как иностранного | ||
| 942 | _cBK | ||
| 999 |
_c35008 _d35008 |
||